| 000 | 01846cam a22004574i 4500 | ||
|---|---|---|---|
| 003 | PE-LiUPU | ||
| 005 | 20250731173135.0 | ||
| 008 | 150623s r 000 0 d | ||
| 020 | _a0828008620 | ||
| 035 | _a(Sirsi) i9780828008624 | ||
| 040 |
_aPE-LiUPU _bspa _cPE-LiUPU _erda |
||
| 049 | _aPRUA | ||
| 082 | 0 | 4 |
_a234.107 _bR54 _221 |
| 100 | 1 |
_aRichardson, William E., _d1937-, _eautor. |
|
| 245 | 1 | 0 |
_aSpeaking in tongues : _bis it still the gift of the spirit? / _cWilliam E. Richardson. |
| 264 | 1 |
_aHagerstown, MD : _bReview and Herald Publishing Association, _c1994. |
|
| 300 |
_a127 páginas ; _c20 centímetros |
||
| 336 |
_atext _2rdacontent |
||
| 337 |
_aunmediated _2rdamedia |
||
| 338 |
_avolume _2rdacarrier |
||
| 505 | 0 | _aForeword. -A time to celebrate. -Glossary of terms. -The Spirit is our friend. -The Spirit as gift or reward. -The Spirit and the pentecost of A.D. 31. -The diversity of gifts in Corinth. -That elusive definition-the nature and function of tongues in Corinth. -Gifts of the Spirit since Corinth. -Gifts of the Spirit today. -The sum of the matter. | |
| 526 | _aSEG42 | ||
| 526 | _aSEG41 | ||
| 526 | _aSEG40 | ||
| 526 | _aSEG39 | ||
| 526 | _aP94 | ||
| 526 | _aP87 | ||
| 526 | _aP86 | ||
| 526 | _aP85 | ||
| 526 | _aP77 | ||
| 526 | _aP76 | ||
| 526 | _aP35 | ||
| 630 |
_aBiblia. _pN.T. _pCorintios I _xComentarios. |
||
| 650 | 0 | 4 | _aGlosolalia. |
| 942 |
_2ddc _cBOOK |
||
| 949 |
_a234.107 R54 _wDEWEY _c1 _i52234 _lCCODEBUL1 _mBUL _p8.00 _r0 _sY _tBOOK _u2015-6-24 _xTEOLOGIA _PP35 _0COMPRA _o.STAFF. Colección General |
||
| 994 |
_aC0 _bPEPRU |
||
| 596 | _a1 | ||
| 999 |
_a234.107 R54 _wDEWEY _c34048 _i52234 _f2021-11-10 _g4 _lCCODEBUL1 _mBUL _p8.00 _r0 _sY _tBOOK _u2015-6-24 _xTEOLOGIA _PP35 _0COMPRA _o.STAFF. Colección General _d34048 |
||
| 980 |
_81 _gALBERTO SANCHEZ Responsable de Automatización |
||